000 00579nam a2200217Ia 4500
001 9868
003 GE_BSU
008 181216s||||||||xx |||||||||||||| ||und||
040 _cGE_BSU
080 _a821.353.1–1
100 _aნიშნიანიძე,შოთა
245 _a100 ლექსი
245 _cრედ.გურამ გოგიაშვილი
260 _aთბილისი
260 _bსამშობლო
260 _c1993
300 _a120გვ.20სმ.
541 _h5ლ.
653 _a100 ლექსი
942 _cBK
999 _c43147
_d43147